000 00621nam a2200241Ia 4500
003 OSt
005 20220918195723.0
006 a|||||r|||| 00| 0
007 ta
008 220917b |||||||| |||| 00| 0 eng d
024 _a86,051
037 _cTextual
040 _aARTS
_cARTS
_beng
041 _2eng
_aeng
082 _aX8(J1):8, L8
100 _aBerninger L
_991275
245 0 _aProfitable garden center management
260 _areston
_bReston Pub
_c1978
300 _axi, 369p.
_ccm.
650 _aECONOMICS
942 _hX8(J1):8, L8
_cTEXL
_2CC
999 _c209753
_d209753